000 00469nam a22002057a 4500
003 UA-OsUOA
001 39214
007 ta
008 20080314b un ||||| |||| 00| 0 ukr d
090 _a94(4)
942 _cBK
040 _aUA-OsUOA
_bger
_cUA-OsUOA
_dUA-OsUOA
245 _aDas Osterreichbuch
300 _a544 с.
955 _a1
041 _ager
080 _a94(4)
650 7 _a9 Географія. Біографії. Історія
_2UDC
999 _c437724
_d437724